LEADER 00699nam a2200193 i 4500 001 000000212777 003 CaOOAMICUS 005 20120426000000.0 008 120426s1872 xx u000 u fre u 013 $a191626 040 $aSeMil$bita 100 1 $aHugo, Victor,$d<1802-1885>.$0(OLS)http://semarc/name/1144 245 12$aL'année terrible /$cVictor Hugo. 260 $aParis :$bMichel Lévy frères,$c1872. 300 $a427 p. ;$c23 cm. 850 $aSeMil 852 $aSeMil$W1$xVenegono$y1$m1V VII 71 FA$j163211$B163211$CSeMilBibl$Z2$F174324 $8I 996 $6245$aL'année terrible$9(OLS)http://semarc/title/307071 996 $6260$aParis :$bMichel Lévy frères$9(OLS)http://semarc/publisher/36634 LEADER 00461nab a2200145 i 4500 001 000000274781 003 CaOOAMICUS 005 20180831165000.0 008 180831n xx uu u0 0und r 013 $a23594 040 $aSeMil$bita 245 10$a[vedi periodico]. 773 0 $t2010 : [2].$dLeuven : Peeters, copyr. 2010.$w()197648 774 0 $tBulletin de Théologie et de Philosophie médiévales.$w()317559 996 $6245$a[vedi periodico]$9(OLS)http://semarc/title/309439